উিনশ কুিডর়/ (Record no. 50838)

MARC details
000 -LEADER
fixed length control field 00824nam a22002177a 4500
005 - DATE AND TIME OF LATEST TRANSACTION
control field 20110224145937.0
008 - FIXED-LENGTH DATA ELEMENTS--GENERAL INFORMATION
fixed length control field 110224t xxu||||| |||| 00| 0ben d
010 ## - LCCN (DPL NO)
LC control number BEN-8389
020 ## - INTERNATIONAL STANDARD BOOK NUMBER
International Standard Book Number 9788177567649
Terms of availability 150.00
035 ## - SYSTEM CONTROL NUMBER
System control number BN-6593
037 ## - SOURCE OF ACQUISITION
Source of stock number/acquisition DBAD/PUB
040 ## - CATALOGING SOURCE
Original cataloging agency DPL
Language of cataloging BN
100 ## - MAIN ENTRY--PERSONAL NAME
9 (RLIN) 26208
Personal name চক্রবর্তী সমরfজত
245 ## - TITLE STATEMENT
Title উিনশ কুিডর়/
Statement of responsibility, etc িদলীপ কুমার বেন্দাপাধ্য়ায়
246 ## - VARYING FORM OF TITLE
Title proper/short title Banglar Nad Nadi
Remainder of title byDilip Kumar Bandhopadhya
260 ## - PUBLICATION, DISTRIBUTION, ETC. (IMPRINT)
Place of publication, distribution, etc কলকাতা
Name of publisher, distributor, etc েদ'জ পাবিলিশং
Date of publication, distribution, etc 2007
270 ## - ADDRESS
Address 13 বিকংম চট্টর্জী িস্টীট
City কলকাতা
Postal code 700073
300 3# - PHYSICAL DESCRIPTION
Extent 264 p
Dimensions 22cm (HB)
700 ## - ADDED ENTRY--PERSONAL NAME
9 (RLIN) 26212
942 ## - ADDED ENTRY ELEMENTS (KOHA)
Source of classification or shelving scheme Dewey Decimal Classification
Item type Bengali Books
Call number suffix বেন্দাপা

No items available.


© Delhi Public Library
Hit Counter
free hit counter